000 00773nam a2200265 a 4500
005 20210219153136.0
008 991125n 000 0 u
035 _aUPN01000079925
100 _aRaynes, Maria
222 _aPHI DELTA KAPPAN
245 _aA fresh look at categorical programs for children with special needs
300 _a326-331
362 _a73, No. 4, 1991
505 _aAbril 1992
653 0 _aCORRIENTE PRINCIPAL (FILOSOFIA)
653 0 _aDEFICIENCIAS ESCOLARES
653 0 _aDESARROLLO CURRICULAR
653 0 _aDIFERENCIAS INDIVIDUALES
653 0 _aESTUDIANTES CON NECESIDADES ESPECIALES
653 0 _aREESTRUCTURACION ESCOLAR
700 _aSnell, Martha
700 _aSailor, Wayne
904 _aAC
_b017736
905 _aArticulo
999 _c69304
_d69304